000 00920cam a2200265 i 4500
001 1362512870
003 OSt
005 20250519155624.0
008 230119s2023 sz a ob 001 0 eng d
020 _a9783031181498 (hardcover)
024 7 _cUSD 78.00
040 _aGW5XE
_beng
_erda
_cGW5XE
_dNUST
050 4 _aQC185.E93 ROB
100 1 _aEvangelista, L. R.,
_eauthor.
245 1 3 _aAn introduction to anomalous diffusion and relaxation /
_cLuiz Roberto Evangelista, Ervin Kaminski Lenzi
260 _aBrazil;
_bSpringer,
_c©2023
300 _axx,400 pages :
_bIllustrations
_c24 cm.
336 _atext
_btxt
_2rdacontent
337 _acomputer
_bc
_2rdamedia
338 _aonline resource
_bcr
_2rdacarrier
504 _aIncludes bibliographical references and index
650 0 _xDiffusion
700 1 _aLenzi, Ervin Kaminski,
_d1975-
_eauthor.
942 _2lcc
_cBOOKS
_hQC185E93 ROB
_kQC
_mROB
_n0
999 _c171640
_d171640